00932nam a2200205 a 450000100100000000500170001000800410002702000180006804000250008610000330011124500790014426000360022330000280025950000700028750400300035795201060038795201050049395201110059899900170070900003775320201002031117.0130305s2012 dr a 000 0 spa d a9789945164831 aDO-SdBNPbspacBNPHU1 aForestieri S. Rolando95654710aTres momentos estelares de la historia de Italia /cForestieri S. Rolando. aSanto Domingo :bBúho,c2012. a95 p. :bils. ;c23 cm. aIncluye datos biográficos del autor en la solapa de la cubierta aBibliografía : p. 93-95 00107-18PDaGRbGRcOId2014-02-19iLF1l0o p37753-30r2020-06-25w2020-06-25yLFPDZNo se presta 0010718PDaPDbPDcCTd2013-03-05iLF1l0o p37753-10r2020-06-25w2020-06-25yLFPDZNo se presta 0010718PDaPDbPDcCTd2013-03-05iLF1l0o p37753-20r2020-06-25te. 2w2020-06-25yLFPDZNo se presta c37243d37243